| 000 | 02144nab a2200241 ab4500 | ||
|---|---|---|---|
| 005 | 20260527064141.0 | ||
| 008 | 251016c2025 ve fr poo# #00| spa d | ||
| 003 | |||
| 040 |
_aMX-MxUPN _bspa _cMX-MxUPN _eaacr2 |
||
| 100 | 1 |
_aChávez Rea, Wilmer Rafael _959681 |
|
| 245 | 1 |
_aMeditación en el ámbito escolar: “incertidumbres y reflexiones” _h[recurso electrónico en línea] |
|
| 506 | 0 | _aAcceso abierto | |
| 520 | 3 |
_aLa meditación es una técnica oriental milenaria, con orígenes discutibles e imprecisos, que ha brindado por varias décadas beneficios vinculados con la tranquilidad, la paz interior y la salud integral del hombre. Motivo por el cual, ha sido de interés permanente, en nuestro mundo globalizado. Su difusión, en lugares marciales, deportivos, sociales y hasta religiosos, demuestran la importancia de alfabetizarla y llevarla a la practicidad. No obstante, en el ámbito escolar su incorporación y aceptación, ha sido minúscula, posiblemente por algunos principios y hábitos de nuestra cultura occidental. Aunado a la inexperiencia de las autoridades educativas y de los docentes responsables de llevar a cabo el proceso de enseñanza y aprendizaje. Ante esta realidad, el presente ensayo, destaca ciertas incertidumbres y reflexiones, generadas de una revisión bibliográfica fundamentada en la meditación y su incorporación en el ámbito escolar. En este sentido, el estado del arte explorado, resalta vivencias significativas del meditar en las aulas de clases. Brevemente, se han comprobado sus beneficios generales en el hombre. Ahora bien, ¿Qué argumentos deben esgrimirse para justificar la incorporación de la meditación en el campo educativo? _cREDINE |
|
| 650 | 2 |
_aMeditación _95887 |
|
| 653 | _aContexto escolar | ||
| 653 | _aIncertidumbres | ||
| 653 | _aReflexiones | ||
| 773 |
_gVol. 17, no. 1 (2025), p. 36-41 _tREDINE : red de investigación educativa _x2244–7997 |
||
| 856 | 4 | _uhttps://revistas.uclave.org/index.php/redine/article/view/5134 | |
| 856 | 4 | _uhttps://revistas.uclave.org/index.php/redine/article/view/5134/3663 | |
| 902 | _aLeonor Sotres/260526 | ||
| 942 | _cART-E | ||
| 999 |
_c215209 _d215209 |
||